000 00629nam a2200241Ia 4500
003 OSt
005 20220918190545.0
006 a|||||r|||| 00| 0
007 ta
008 220917b |||||||| |||| 00| 0 eng d
024 _a57,677
037 _cTextual
040 _aARTS
_cARTS
_beng
041 _2eng
_aeng
082 _aP4466112L:1, L5-;1
100 _aAcharya K P
_95795
245 0 _aLotha phonetic reader
260 _aMysore
_bCI I Languages
_c1975
300 _axi, 101p.
_ccm.
650 _aLINGUISTICS
942 _hP4466112L:1, L5-;1
_cTEXL
_2CC
999 _c185804
_d185804